Sports Quiz

Random Sports or Baseball Quiz
Score 0/26 Timer 06:00
0 Plays Today
Year Player % Correct
2005*David Wright
95.7%
2006*David Wright
95.7%
2007*David Wright
95.7%
2008*David Wright
95.7%
2010*David Wright
95.7%
1987Darryl Strawberry
94.3%
1988Darryl Strawberry
94.3%
1990Darryl Strawberry
94.3%
1999Mike Piazza
93.7%
2000Mike Piazza
93.7%
2006*Carlos Beltran
87.4%
2007*Carlos Beltran
87.4%
2008*Carlos Beltran
87.4%
Year Player % Correct
2006Carlos Delgado
85%
2008Carlos Delgado
85%
1985^Gary Carter
84.7%
1986^Gary Carter
84.7%
1989Howard Johnson
82.6%
1991Howard Johnson
82.6%
1996Todd Hundley
68%
1999Robin Ventura
64.1%
1999Edgardo Alfonzo
62%
1997John Olerud
61.8%
1996Bernard Gilkey
54.3%
1975Rusty Staub
52.8%
1993^Eddie Murray
45.9%
Remove Ads.
Support Sporcle.
Get the best of Sporcle when you Go Orange. This ad-free experience offers more features, more stats, and more fun while also helping to support Sporcle. Thank you for becoming a member.

You're not logged in!

Compare scores with friends on all Sporcle quizzes.
OR
Log In

Show Comments

Extras

Top Quizzes Today


Score Distribution

Your Account Isn't Verified!

In order to create a playlist on Sporcle, you need to verify the email address you used during registration. Go to your Sporcle Settings to finish the process.

Report this User

Report this user for behavior that violates our Community Guidelines.

Details: